LEADER 03771oam 22006374a 450 001 9910451557603321 005 20211203130257.0 010 $a0-295-80332-0 010 $a0-295-98067-2 035 $a(CKB)1000000000442168 035 $a(EBL)4305917 035 $a(SSID)ssj0000119552 035 $a(PQKBManifestationID)12000579 035 $a(PQKBTitleCode)TC0000119552 035 $a(PQKBWorkID)10074018 035 $a(PQKB)10239324 035 $a(MiAaPQ)EBC4305917 035 $a(Au-PeEL)EBL4305917 035 $a(CaPaEBR)ebr11137282 035 $a(OCoLC)934197510 035 $a(OCoLC)1287098789 035 $a(MdBmJHUP)musev2_81541 035 $a(EXLCZ)991000000000442168 100 $a19970409d1997 uy 0 101 0 $aeng 135 $aur|n|---||||| 181 $ctxt 182 $cc 183 $acr 200 04$aThe Challenge of Fetal Alcohol Syndrome$eOvercoming Secondary Disabilities /$fedited by Ann Streissguth and Jonathan Kanter ; foreword by Mike Lowry ; introduction by Michael Dorris 210 1$cUniversity of Washington Press,$aSeattle :$d1997. 215 $a1 online resource (279 p.) 225 1 $aJessie and John Danz Lectures 300 $aDescription based upon print version of record. 311 $a0-295-97650-0 320 $aIncludes bibliographical references (p. 221-234) and index. 327 $aCover ; Title ; Copyright ; Contents ; Foreword; Preface; Acknowledgments; Introduction; Neurobehavioral and Neuroanatomical Effects of Heavy Prenatal Exposure to Alcohol; Children of Alcoholic Mothers: Results from Goteborg, Sweden; Primary and Secondary Disabilities in Fetal Alcohol Syndrome; Development of the FAS Diagnostic and Prevention Network in Washington State; Assessment and Treatment of an Adult with FAS: Neuropsychological and Behavioral Considerations; A Study of Stimulant Medication in Children with FAS; A Demonstration Classroom for Young Children with FAS 327 $aA National Survey of State Directors of Special Education Concerning Students with FASCase Managers and Independent Living Instructors: Practical Hints and Suggestions for Adults with FAS; An Advocacy Program for Mothers with FAS/FAE; FAS and the Social Security Disability Process: Navigating the System; Representing the FAS Client in a Criminal Case; A Judicial Perspective on FAS: Memories of the Making of Nanook of the North; Legal Issues and FAS; FAS: Preventing and Treating Sexual Deviancy; Parent Advocacy in FAS Public Policy Change 327 $aSpider Web Walking: Hope for Children with FAS Through UnderstandingResidential Programs for Persons with FAS: Programming and Economics; Public Health Implications of FAS; Rapporteur's Report: A Summary of the Conference; References; Authors' Affiliations; Author Index; A ; B ; C ; D ; E ; F ; G ; H ; I ; J ; K ; L ; M ; N ; O ; P ; Q ; R ; S ; T ; U ; V ; W ; Y ; Z ; Subject Index; A ; B ; C ; D ; E ; F ; G ; H ; I ; J ; K ; L ; M ; N ; O ; P ; R ; S ; T ; U ; V ; W 410 0$aJessie and John Danz Lectures 606 $aFetal alcohol spectrum disorders$xComplications 606 $aChildren of prenatal alcohol abuse$xServices for 606 $aChildren of prenatal alcohol abuse$xDevelopment 608 $aElectronic books. 615 0$aFetal alcohol spectrum disorders$xComplications. 615 0$aChildren of prenatal alcohol abuse$xServices for. 615 0$aChildren of prenatal alcohol abuse$xDevelopment. 676 $a618.3/268 701 $aKanter$b Jonathan$01070865 701 $aStreissguth$b Ann Pytkowicz$01070866 801 0$bMdBmJHUP 801 1$bMdBmJHUP 906 $aBOOK 912 $a9910451557603321 996 $aThe Challenge of Fetal Alcohol Syndrome$92565282 997 $aUNINA LEADER 03094nam 2200613 a 450 001 9910964052203321 005 20230725051643.0 010 $a9781587299414 010 $a1587299410 035 $a(CKB)2550000000019504 035 $a(EBL)843258 035 $a(OCoLC)671835093 035 $a(SSID)ssj0000424489 035 $a(PQKBManifestationID)11250120 035 $a(PQKBTitleCode)TC0000424489 035 $a(PQKBWorkID)10474336 035 $a(PQKB)11085215 035 $a(MiAaPQ)EBC843258 035 $a(MdBmJHUP)muse3016 035 $a(Au-PeEL)EBL843258 035 $a(CaPaEBR)ebr10405249 035 $a(Perlego)2957017 035 $a(EXLCZ)992550000000019504 100 $a20100216d2010 uy p 101 0 $aeng 135 $aur|n|---||||| 181 $ctxt 182 $cc 183 $acr 200 10$aOn tact, & the made up world /$fMichele Glazer 205 $a1st ed. 210 $aIowa City, Iowa $cUniversity of Iowa Press$d2010 215 $a1 online resource (81 p.) 225 1 $aKuhl House poets 300 $aDescription based upon print version of record. 311 08$a9781587299087 311 08$a1587299089 327 $aContents; Acknowledgments; One; I didn't think much about what it was; Trace; Every hole in the bird blind says; In the lava tube; Flu?chtling; Not where you found me but where you looked,; Cup; Worm, (to a rumor of lilies); Untitled; On religion, war, nature, and the horse; Two; That Would Be Whidbey; Distances at Sea; Mattress; The rabbi is pressed into service; The least amount of stirred air a figure needed; Beds of Clandestine; To the better view; The least part best; Say the Unseen; What so ever you; bright things; Three; Fungus, with Daguerreotype; aperture with wings 327 $aYour drawing of a horsemanifesto; She would have to do what she could do with it; Green Animals; Metonymic Sonnet; To the ru?ckenfigur; Two Descending a Staircase; Child and Woman; Cradle; Notes on tact & the made up world; Part of which is remembered and the other part is not forgotten; Elegy; Notes; Kuhl House Poets 330 $a Michele Glazer's poems take on questions of being and value, exploring not just what is, but how it is. The poems trouble borders-between self and other, old and young, sick and well, stranger and intimate; between physical states in processes of decay; and between line and phrase, sentence and interruption, prose and poem, resisting the desire for something irrefutable with an abiding skepticism. The poems are drawn to missteps in perception and in language, those fractures that promise to crack open a surface to yield some other, grea 410 0$aKuhl House poets. 606 $aAmerican poetry$y21st century 615 0$aAmerican poetry 676 $a811.54 676 $a811/.54 676 $a821.92 700 $aGlazer$b Miche?le$f1958-$01811120 801 0$bMiAaPQ 801 1$bMiAaPQ 801 2$bMiAaPQ 906 $aBOOK 912 $a9910964052203321 996 $aOn tact, & the made up world$94362786 997 $aUNINA